00395nam a2200145Ia 4500008004100000020001800041041000800059082001700067100001800084245007300102250001200175260001300187365001600200700003300216230714s9999 xx 000 0 und d a9790000000000 aeng a004.678bKOW aKowalski G.J. aInformation Storage And Retrieval SystemsbTheory And Implementation a2nd ed. bSpringer cRs.b950.00 aKowalski G.J. & Maybury M.T.